Vzdelávanie v odbore knižničné a informačné štúdiá (LIS)v Európe

Bibliographic Details
Main Author: Katuščák, Dušan, 1946- (Author)
Format: Article
Language:Slovak
PhysicalDescription:Obr., tab.
ISSN:1335-793X
Subjects:
Online Access:www.ctvisr.sk/itlib

MARC

LEADER 00000nab a2200000 ar4500
001 vtls011605450
003 SK-MaSNL
005 20260426042252.0
008 170119c2016 xo qr|p|||an |000 b|slo
015 |a SNBRB2017/01 
038 |a SPK 
040 |a SPKCL  |b slo  |c AACR2  |e AACR2 
041 0 |a slo  |b slo 
044 |a xo  |c SK 
072 7 |a 08  |x Súborné diela  |2 konspekt 
072 7 |a 930  |x Historická veda. Pomocné vedy historické. Archívnictvo  |2 konspekt 
072 7 |a 37  |x Výchova a vzdelávanie  |2 konspekt 
080 |a 08/09:930.2  |2 2011 
080 |a 930.2  |2 2011 
080 |a 37.01/.09  |x (4)  |2 2011 
100 1 |a Katuščák, Dušan,  |d 1946-  |4 aut  |9 13812 
245 1 0 |a Vzdelávanie v odbore knižničné a informačné štúdiá (LIS)v Európe  |c Dušan Katuščák 
300 |b Obr., tab. 
504 |a Bibliogr. odkazy 
546 |a Res. slov. 
650 0 7 |a knihoveda  |2 snkbucl  |9 68931 
650 0 7 |a vzdelávanie  |2 snkbucl  |9 4033 
651 7 |a Európa  |2 spk  |9 167569 
773 0 |t IT lib : informačné technológie a knižnice  |g Roč. 20, č. 4 (2016), s. 5-18  |x 1335-793X 
852 |a SPK  |b KIS3GCP 
856 4 1 |u www.ctvisr.sk/itlib 
958 |a NB  |2 spk 
999 |c 1788821  |d 1790751